|
|
|
|
| LEADER |
01585nam a2200289 i 4500 |
| 001 |
GR-MES1356 |
| 003 |
GR-PaULI |
| 005 |
20250225125208.0 |
| 008 |
991111s1978 gr g 000 0 gre d |
| 040 |
|
|
|a GrPaTEI
|b gre
|c GR-PaULI
|e AACR2
|
| 041 |
1 |
|
|a gre
|h fre
|
| 082 |
0 |
4 |
|a 657.45
|2 23
|
| 100 |
1 |
|
|a Dussaulx, Pierre A.
|9 5413
|e συγγραφέας.
|
| 245 |
1 |
2 |
|a Ο εσωτερικός έλεγχος εις τας επιχειρήσεις /
|c υπό Pierre Dussaulx.
|
| 246 |
1 |
|
|a Ο εσωτερικός έλεγχος των επιχειρήσεων
|i Τίτλος εξωφύλλου:
|
| 260 |
|
|
|a Αθήναι :
|b Πάμισος,
|c 1978.
|
| 300 |
|
|
|a 112 σ. ;
|c 21 εκ.
|
| 490 |
1 |
|
|a Εγκυκλοπαίδεια της επιχειρήσεως / Πάμισος ;
|v 31
|
| 650 |
|
4 |
|a Ελεγκτική
|9 2403
|
| 650 |
|
4 |
|a Οικονομική των επιχειρήσεων
|9 1721
|
| 700 |
1 |
|
|a Καμπαλούρης, Ιωάννης Μ.
|9 208459
|e μεταφραστής.
|
| 830 |
|
0 |
|a Εγκυκλοπαίδεια της επιχειρήσεως (Πάμισος)
|v 31.
|9 164979
|
| 942 |
|
|
|2 ddc
|c BK
|
| 952 |
|
|
|0 0
|1 0
|2 ddc
|4 0
|6 657_450000000000000_DUS
|7 0
|9 265618
|a MSLG
|b MSLG
|c BSC
|d 2021-01-17
|e 24
|f 0
|g 0.00
|i 2429
|l 0
|o 657.45 DUS
|p 2420000002429
|r 2021-01-17 00:00:00
|t 1
|w 2021-01-17
|y BK15
|x 19991111 0 1
|x GrPaTEI
|
| 952 |
|
|
|0 0
|1 0
|2 ddc
|4 0
|6 657_450000000000000_DUS
|7 0
|9 265620
|a MSLG
|b MSLG
|c BSC
|d 2021-01-17
|e 24
|f 0
|g 0.00
|i 7390
|l 0
|o 657.45 DUS
|p 2420000007390
|r 2021-01-17 00:00:00
|t 2
|w 2021-01-17
|y BK15
|x 19991111 0 1
|x GrPaTEI
|
| 998 |
|
|
|c ΑΔΑΜΟΠΟΥΛΟΥ
|d 2025-02
|
| 999 |
|
|
|c 152611
|d 152611
|